On planning and forecasting the location of retail and service activity

Salvato in:
Dettagli Bibliografici
Autore principale: Roy, John R.
Altri autori: Johansson, Börje
Natura: Libro
Lingua:inglese
Pubblicazione: Laxenburg International Institute for Applied Systems Analysis 1985
Tags: Aggiungi Tag
Nessun Tag, puoi essere il primo ad aggiungerne!!

MARC

LEADER 00000nam a2200000 4500
001 c109818
005 20190207163028.4
041 0 |a eng 
044 |a AT 
245 1 0 |a On planning and forecasting the location of retail and service activity  |c John R. Roy, Börje Johansson 
264 1 |a Laxenburg  |b International Institute for Applied Systems Analysis  |c 1985 
300 |a S. 434-452 
500 |a Separát z: Regional Science and Urban Econopmics, vol. 14/1984/ 
100 1 |a Roy, John R. 
700 1 |a Johansson, Börje